| 000 | 00699nam a2200193Ia 4500 | ||
|---|---|---|---|
| 008 | 0000001985 sp a 0000000000spa00 | ||
| 090 | _aPSP00 P21c | ||
| 100 | 1 |
_aPecharromán Morales, Ricardo _d1949 |
|
| 245 | 1 | 0 |
_aCien obras para un lustro 1980-1985 _b: Ricardo Pecharromán Morales |
| 300 |
_a[8] p. _c/ 22 cm. |
||
| 500 | _aCon el patronazgo del maestro venezolano Jesús Rafael Soto (q.e.p.d.) | ||
| 600 | 0 | 0 |
_aPECHARROMAN MORALES, RICARDO, 1949/ _xTRABAJOS PICTORICOS |
| 650 | 1 | 4 | _aARTE CONTEMPORANEO ESPAÑOL |
| 650 | 1 | 4 | _xCATALOGOS |
| 650 | 1 | 4 | _xEXPOSICIONES |
| 650 | 1 | 4 | _aPINTORES ESPAÑOLES |
| 650 | 1 | 4 | _aPINTURA ESPAÑOLA |
| 999 |
_c6812 _d6812 |
||
| 260 |
_aMadrid : Caja de Madrid _c1985 |
||